01893cam a2200517 a 4500001001400000005001700014008004100031020002500072040003400097041001800131044001100149072003600160072007500196080001800271080002000289080002200309080001800331080002200349080001600371080001800387100002100405240003800426245021100464246005200675250001200727260002300739300001800762490002200780500003000802650003100832650003900863650003600902650003600938650003100974650002401005650003801029650004001067650004001107650004101147655002201188655003401210655002401244655004001268700003201308700003501340vtls00883931620220615113118.0060816s2006 xr g p 000 0 eng  a802471728X (brož.) aSVKPObslocSVKPOdSNKeAACR21 aengaczehger axrcCZ 7a811.111xAngličtina2konspekt 7a37.016xUčebné osnovy. Vyučovacie predmety. Učebnice2konspekt a811.11122001 a659.144.122001 a005.91:82-622001 a316.77622001 a81’373.4622001 a(075)22001 a(076.5)220011 aHenderson, Derek10aBusiness English TrainerlČesky10aBusiness Englishb50 praktických cvičení : korespondence, porady, prezentace, obchodní jednání a společenská konverzacecDerek Henderson, Veronika Streitwieser ; [překlad Iva Michňová]18aBusiness English - 50 praktických cvičení a1. vyd. aPrahabGradac2006 a120 s.c21 cm1 aPoradce pro praxi aPreložené z nemčiny07aobchodné jednania2SNKPH07aobchodná korešpondencia2SNKPH07aobchodná komunikácia2SNKPH07aodborná terminológia2SNKPH07aEnglish language2SNKPHeng07aangličtina2SNKPH07aNegotiation in business2SNKPHeng07aCommercial correspondence2SNKPHeng07aCommunication in business2SNKPHeng07aTerminology (professional)2SNKPHeng 7aučebnice2SNKPH 7apraktické cvičenia2SNKPH 7aTextbooks2SNKPHeng 7aProblems, exercises, etc.2SNKPHeng1 aStreitwieser, Veronika4aut1 aMichňová, Iva,d1972-4trl